000
00243nam a2200109Ia 4500
008
200302s9999 xx 000 0 und d
100
_a
Robert McCarter
245
_a
Carlo Scarpa
260
_b
Phaidon Publishers
260
_c
2013
300
_a
287
999
_c
7387
_d
7387